Statystyki dla 10 najludniejszych miast w województwie zachodnio-pomorskim

Kliknij tutaj aby rozwiązać quiz!

Ogólne statystyki

  • Ten quiz został rozwiązany 21 razy
  • Średni wynik to 7 z 10

Statystyki odpowiedzi

HintOdpowiedź% Poprawnych
395 513Szczecin
100%
104 994Koszalin
95%
45 713Kołobrzeg
90%
67 293Stargard
90%
40 467Świnoujście
86%
31 863Police
71%
39 474Szczecinek
62%
21 757Goleniów
57%
24 687Wałcz
52%
23 614Białogard
29%

Rozkład punktacji

Percentyl według liczby udzielonych odpowiedzi

Procent ludzi z każdym wynikiem

Twoja historia wyników

Nie rozwiązałeś tego quizu